"Metodologia en el desarrollo de programas para microcomputadoras"
Salvato in:
| Natura: | Libro |
|---|---|
| Lingua: | Spanish |
| Pubblicazione: |
San José, C.R. : CINDE
1985
|
| Soggetti: | |
| Tags: |
Aggiungi Tag
Nessun Tag, puoi essere il primo ad aggiungerne!!
|
MARC
| LEADER | 00000nam a2200000Ia 4500 | ||
|---|---|---|---|
| 003 | 000515 | ||
| 005 | 20221231143841.0 | ||
| 008 | 140116s1985 cr a 000 ||spa d | ||
| 040 | |c cru CEDI | ||
| 082 | |a 005.4 M593m | ||
| 245 | |a "Metodologia en el desarrollo de programas para microcomputadoras" | ||
| 260 | |c 1985 |a San José, C.R. : CINDE | ||
| 300 | |c 96 [36] hojas ; 27 cm | ||
| 650 | |x LENGUAJES DE PROGRAMACION (COMPUTADORAS ELECTRONICAS) |x PL/M (LENGUAJE DE PROGRAMACION PARA COMPUTADORA) |x PROGRAMAS PARA COMPUTADORA |9 20620 | ||
| 942 | |2 ddc |c BK | ||
| 999 | |c 13203 |d 13203 | ||
